Electoral Dynamism of Indian Politics Deciphering the Enigma/ (Record no. 190022)

MARC details
000 -LEADER
fixed length control field 00682nam a22001937a 4500
005 - DATE AND TIME OF LATEST TRANSACTION
control field 20220715162231.0
010 ## - LCCN (DPL NO)
LC control number ENG-133610
020 ## - INTERNATIONAL STANDARD BOOK NUMBER
International Standard Book Number 9789354790508
Terms of availability 1395.00
035 ## - SYSTEM CONTROL NUMBER
System control number EN-117142
037 ## - SOURCE OF ACQUISITION
Source of stock number/acquisition DBAD/PUB
082 ## - DEWEY DECIMAL CLASSIFICATION NUMBER
Classification number 324.954
100 ## - MAIN ENTRY--PERSONAL NAME
Personal name Chakrabarty, Bidyut
245 ## - TITLE STATEMENT
Title Electoral Dynamism of Indian Politics Deciphering the Enigma/
Statement of responsibility, etc Bidyut Chakrabarty and Rajendra K. Pandey
260 ## - PUBLICATION, DISTRIBUTION, ETC. (IMPRINT)
Place of publication, distribution, etc New Delhi
Name of publisher, distributor, etc Sage Publications India Pvt. Ltd
Date of publication, distribution, etc 2021
270 ## - ADDRESS
Address B-1/I-I Mohan Cooperative Industrial Area Mathura Road,
City New Delhi
Postal code 110044
300 ## - PHYSICAL DESCRIPTION
Extent xiii, 328p.
Other physical details Index
Dimensions 22cm(hb)
700 ## - ADDED ENTRY--PERSONAL NAME
Personal name Pandey, Rajendra K.
942 ## - ADDED ENTRY ELEMENTS (KOHA)
Source of classification or shelving scheme Dewey Decimal Classification
Item type English Books
Classification part 324.954
Call number suffix CHA
Holdings
Withdrawn status Lost status Not for loan Collection code Home library Current library Date acquired Source of acquisition Cost, normal purchase price Full call number Barcode Copy number Cost, replacement price Koha item type
      Non-fiction Bawana Bawana 15/07/2022 DBAD/PUB 1395.00 324.954 CHA EN-117142 1 1395.00 English Books

© Delhi Public Library
Hit Counter
free hit counter